|
|
|
|
| LEADER |
00750cam a2200205 7i4500 |
| 001 |
0000009577 |
| 005 |
20170320090000.0 |
| 020 |
|
|
|a 9780471369127 (pbk.)
|
| 020 |
|
|
|a 0471369128 (pbk.)
|
| 090 |
0 |
0 |
|a BF76.5
|b .S63 2003
|
| 100 |
1 |
|
|a Spata, Andrea
|
| 245 |
1 |
0 |
|a Research methods :
|b science and diversity
|c Andrea Spata.
|
| 260 |
|
|
|a New York:
|b John Wiley & Sons, Inc.,
|c 2003.
|
| 300 |
|
|
|a viii, 336 p.:
|b ill.;
|c 24 cm.
|
| 504 |
|
|
|a Includes bibliographical references and index
|
| 650 |
0 |
0 |
|a Psychometrics
|
| 650 |
0 |
0 |
|a Psychology --
|x Research --
|x Methodology
|
| 997 |
|
|
|a Education & Social Sciences, Faculty
|b Social Sciences, Department
|
| 998 |
|
|
|a Industrial Psychology, Degree
|
| 999 |
|
|
|a 0000016732
|b BOK
|c OPEN SHELF
|e 1st Floor, Bestari Jaya
|